000 03824cim a22007693a 4500
999 _c58367
001 16488832
003 LIBRIS
005 20210817132252.0
007 sd |||||||||||
008 140506s2014 sw | |||||||||| | swe|c
020 _a9789173488891
_qMP3 CD
035 _a(BOKR)9789173488891
040 _aBOKR
_dArvk
_ea
041 _aswe
082 0 4 _a158.2
_223/swe
084 _aDok
_2kssb/8 (machine generated)
100 1 _aTörnblom, Mia,
_d1967-
_4aut
_4nrt
_0https://libris.kb.se/86lpt7qs0s73fj9#it
245 1 0 _aHur svårt kan det vara?
_h[Ljudupptagning]
_b[en bok om relationer : om konsten att gräla med sin partner, vara rak mot sin chef, leda sina tonårsbarn, säga ett sista farväl till sin farmor, säga nej, säga ja, respektera sig själv och mycket, mycket mer] /
_cav Mia Törnblom.
264 1 _aStockholm :
_bBonnier Audio,
_c2014
300 _a1 MP3-CD (5 tim., 10 min.)
511 1 _aInläsare: Mia Törnblom
650 7 _aMänskliga relationer
_0https://id.kb.se/term/sao/M%C3%A4nskliga%20relationer
_2sao
650 0 _aInterpersonal relations
655 7 _aLjudböcker
_0https://id.kb.se/term/saogf/Ljudb%C3%B6cker
_2saogf
655 7 _aEj skönlitterärt verk
_0https://id.kb.se/marc/NotFictionNotFurtherSpecified
_2marc
887 _a{"@id":"dxqzqdmq1wwnt9n","modified":"2019-11-19T10:59:58.028+01:00","checksum":"209043565111"}
_2librisxl
887 _a{"@id":"lqxmnjlr1q7z4dz","modified":"2014-10-10T08:07:18+02:00","checksum":"58915204543"}
_2librisxl
887 _a{"@id":"8dl96zmf3mgm15v","modified":"2014-09-23T19:59:27+02:00","checksum":"63187806304"}
_2librisxl
887 _a{"@id":"lqxmpj1r0418stp","modified":"2014-10-14T16:03:05+02:00","checksum":"65779737553"}
_2librisxl
887 _a{"@id":"pt1ql73v0xz046z","modified":"2014-11-12T14:13:23+01:00","checksum":"60230768451"}
_2librisxl
887 _a{"@id":"gltm6q1m1sh533g","modified":"2015-06-22T11:12:20+02:00","checksum":"60149416886"}
_2librisxl
887 _a{"@id":"26d31dm71dgnjhf","modified":"2014-10-09T15:15:11+02:00","checksum":"54183321938"}
_2librisxl
887 _a{"@id":"v06w05p1498zc7r","modified":"2014-10-20T10:30:00+02:00","checksum":"60356270862"}
_2librisxl
887 _a{"@id":"q1m0s409nxlqn99s","modified":"2019-11-19T11:00:37.187+01:00","checksum":"62206279392"}
_2librisxl
900 1 s _6100
_d1967-
_uTörnblom, Mia,
_d1967-
942 _2z
_cAUDIOBOOK